[Event "EU-ch 1st"]
[Site "Saint Vincent"]
[Date "2000.07.05"]
[Round "3"]
[White "Tiviakov, Sergei"]
[Black "Bunzmann, Dimitrij"]
[Result "1/2-1/2"]
[WhiteElo "2608"]
[BlackElo "2484"]
[PlyCount "53"]
[EventDate "2000.07.03"]
[Source "ChessBase"]
[SourceDate "2000.10.18"]

1. e4 e6 2. d4 d5 3. Nd2 Nf6 4. e5 Nfd7 5. Bd3 c5 6. c3 Nc6 7. Ne2 a5 8. O-O a4 9. f4 cxd4 10. cxd4 g6 11. a3 Nb6 12. Nf3 Na5 13. Nc3 Bd7 14. Bc2 Nac4 15. Qd3 Nc8 16. Ng5 b5 17. Qh3 Qb6 18. Rd1 Ne7 19. Kh1 h6 20. Nf3 Nf5 21. Bd3 h5 22. Bxf5 gxf5 23. Ne1 b4 24. axb4 Qxb4 25. b3 Nb6 26. bxa4 Bxa4 27. Nxa4 1/2-1/2

[Event "4th IECC"]
[Site "Istanbul"]
[Date "2003.06.12"]
[Round "12"]
[White "Grigoriants, Sergey"]
[Black "Socko, Bartosz"]
[Result "0-1"]
[WhiteElo "2506"]
[BlackElo "2577"]
[PlyCount "80"]
[EventDate "2003.05.30"]
[Source "Roberto Alvarez"]
[SourceDate "2003.06.23"]

1. e4 e6 2. d4 d5 3. Nd2 Nf6 4. e5 Nfd7 5. Bd3 c5 6. c3 Nc6 7. Ne2 Qb6 8. Nf3 f6 9. exf6 Nxf6 10. O-O Bd6 11. Rb1 O-O 12. Bf4 Bxf4 13. Nxf4 cxd4 14. cxd4 Ne4 15. Ne2 Bd7 16. Nc3 Nf6 17. Re1 Rae8 18. h3 Kh8 19. Bb5 Ne7 20. Qa4 Bxb5 21. Qxb5 Nc6 22. Qxb6 axb6 23. Re3 Re7 24. Rbe1 Rfe8 25. Na4 Nd7 26. Nc3 Nf6 27. a3 Kg8 28. Na4 Nd7 29. Rb3 Na5 30. Rb4 Nc4 31. Ra1 h6 32. Kf1 e5 33. dxe5 Ndxe5 34. Nxb6 Nd3 35. Nxd5 Nd2+ 36. Kg1 Nxf3+ 37. gxf3 Re1+ 38. Rxe1 Rxe1+ 39. Kg2 Nxb4 40. Nxb4 Re2 0-1

[Event "Tallinn EST"]
[Site "?"]
[Date "2006.01.08"]
[Round "5"]
[White "Berg Emanuel"]
[Black "Kosyrev Vladimir"]
[Result "1/2-1/2"]
[WhiteElo "2540"]
[BlackElo "2530"]
[PlyCount "154"]
[EventDate "2006.??.??"]
[Source "www.chesslib.no"]
[SourceDate "2004.05.04"]

1. e4 e6 2. d4 d5 3. Nd2 Nf6 4. e5 Nfd7 5. Bd3 c5 6. c3 Nc6 7. Ngf3 f6 8. exf6 Nxf6 9. O-O cxd4 10. cxd4 Bd6 11. Nb3 O-O 12. Bg5 Qc7 13. Bh4 Nh5 14. Bg3 Nxg3 15. hxg3 g6 16. Bb5 Qb6 17. Bxc6 bxc6 18. Rc1 Ba6 19. Re1 Rae8 20. Nc5 Bxc5 21. Rxc5 Qxb2 22. Rxc6 Qxa2 23. Rcxe6 Rxe6 24. Rxe6 Bc8 25. Re7 Bf5 26. Qc1 Qb1 27. Qxb1 Bxb1 28. Rxa7 Rc8 29. Ng5 h6 30. Nf7 h5 31. Rd7 Rc1+ 32. Kh2 Rd1 33. Ng5 Rd2 34. f3 Bd3 35. Rd8+ Kg7 36. Ne6+ Kf7 37. Nf4 Bc4 38. Rd7+ Ke8 39. Rh7 g5 40. Nxh5 Bf1 41. Nf6+ Kf8 42. Nd7+ Kg8 43. Rh5 g4 44. Rg5+ Kh7 45. Nf6+ Kh6 46. Rxg4 Bxg2 47. Ng8+ Kh7 48. Nf6+ Kh6 49. Ng8+ Kh7 50. Kg1 Bxf3 51. Nf6+ Kh6 52. Ng8+ Kh7 53. Nf6+ Kh6 54. Rf4 Rd1+ 55. Kf2 Bh1 56. Ng4+ Kg5 57. Ne3 Rd2+ 58. Ke1 Ra2 59. Rg4+ Kf6 60. Rf4+ Kg5 61. Rf5+ Kg6 62. Re5 Ra4 63. Nf5 Be4 64. Ne7+ Kf7 65. Nf5 Kf6 66. g4 Ra1+ 67. Kf2 Ra2+ 68. Kg3 Rg2+ 69. Kh3 Rd2 70. Kh4 Rh2+ 71. Kg3 Rg2+ 72. Kh3 Rd2 73. Re8 Bxf5 74. Rf8+ Kg7 75. Rxf5 Rxd4 76. Kh4 Ra4 77. Rxd5 Ra6 1/2-1/2

[Event "Keres Memorial Open"]
[Site "?"]
[Date "1999.??.??"]
[Round "6"]
[White "Glek Igor V"]
[Black "Barsov Alexei"]
[Result "1-0"]
[WhiteElo "2566"]
[BlackElo "2504"]
[PlyCount "39"]
[EventDate "1999.??.??"]
[Source "www.chesslib.no"]
[SourceDate "2004.05.04"]

1. e4 e6 2. d4 d5 3. Nd2 Nf6 4. e5 Nfd7 5. Bd3 c5 6. c3 Nc6 7. Ngf3 g6 8. O-O Bg7 9. Re1 O-O 10. Nf1 cxd4 11. cxd4 f6 12. exf6 Nxf6 13. Bb5 Ne7 14. Ng3 a6 15. Ba4 b5 16. Bb3 Nc6 17. h3 Ne8 18. Bg5 Qb6 19. Rc1 Bd7 20. Ne2 1-0

[Event "Cappelle op 18th"]
[Site "Cappelle la Grande"]
[Date "2002.02.12"]
[Round "4"]
[White "Degraeve, Jean Marc"]
[Black "Lukov, Valentin"]
[Result "1-0"]
[WhiteElo "2591"]
[BlackElo "2478"]
[PlyCount "69"]
[EventDate "2002.02.09"]
[Source "ChessBase"]
[SourceDate "2002.03.14"]

1. e4 e6 2. d4 d5 3. Nd2 Nf6 4. e5 Nfd7 5. Bd3 c5 6. c3 Nc6 7. Ngf3 Qb6 8. O-O cxd4 9. cxd4 Nxd4 10. Nxd4 Qxd4 11. Nf3 Qb6 12. Qa4 Qb4 13. Qc2 Qc5 14. Qe2 Be7 15. Be3 Qc7 16. Rac1 Qd8 17. Rc2 Nb8 18. Nd4 Bd7 19. f4 Nc6 20. f5 Rc8 21. Qg4 Nxe5 22. Qxg7 Bf6 23. Qh6 Ng4 24. Qh5 e5 25. Qxg4 exd4 26. Bh6 Qb6 27. Bg7 Rxc2 28. Bxh8 Rc8 29. Qg8+ Ke7 30. Re1+ Kd6 31. Qg3+ Kc5 32. Rc1+ Kb4 33. Qe1+ Ka4 34. b3+ Ka3 35. Bxf6 1-0

[Event "zt 3.2"]
[Site "Dhaka BAN"]
[Date "2007.08.24"]
[Round "3"]
[White "Gopal, G."]
[Black "Ganguly, S."]
[Result "1/2-1/2"]
[WhiteElo "2480"]
[BlackElo "2586"]
[PlyCount "135"]
[EventDate "2007.08.23"]
[Source "www.chesslib.no"]
[SourceDate "2004.05.04"]

1. e4 e6 2. d4 d5 3. Nd2 Nf6 4. e5 Nfd7 5. Bd3 c5 6. c3 Nc6 7. Ngf3 g6 8. h4 h6 9. O-O g5 10. c4 g4 11. cxd5 gxf3 12. dxc6 fxg2 13. cxd7+ Bxd7 14. Kxg2 Qxh4 15. Rg1 Rg8+ 16. Kf1 Rxg1+ 17. Kxg1 Bc6 18. d5 Bxd5 19. Be4 O-O-O 20. Qf3 Bg7 21. Bxd5 Rxd5 22. Qxf7 Qg4+ 23. Kf1 Qd1+ 24. Kg2 Qg4+ 25. Kf1 Rd3 26. f3 Qh3+ 27. Ke2 Rd7 28. Qf4 Qg2+ 29. Kd1 h5 30. Kc2 Qe2 31. Qe4 Qf2 32. Qg6 Bxe5 33. Qxh5 Bf4 34. Qh8+ Rd8 35. Qc3 b5 36. a3 Qe2 37. a4 Rd7 38. axb5 Be5 39. Qa3 Bf4 40. Qc3 Be5 41. Qa3 Bf4 42. Qa6+ Kd8 43. b6 Rxd2+ 44. Bxd2 Qxd2+ 45. Kb1 Qd1+ 46. Ka2 Qd5+ 47. Ka3 axb6 48. Qxb6+ Bc7 49. Qa6 Bd6 50. Qa5+ Bc7 51. Qa6 Qxf3+ 52. b3 Qc3 53. Rd1+ Ke7 54. Qa7 Qe5 55. Qa4 Bd6 56. Qc4 Qh8 57. Ka2 Qh2+ 58. Kb1 Qg3 59. Qd3 Qh2 60. Qe4 Be5 61. Qb7+ Bc7 62. Qh1 Qg3 63. Qh7+ Kf6 64. Rf1+ Bf4 65. Qc2 Qe3 66. Qc4 e5 67. Qd5 Qc3 68. Rd1 1/2-1/2

[Event "Bundesliga 9394"]
[Site "Germany"]
[Date "1994.??.??"]
[Round "?"]
[White "Rozentalis, Eduardas"]
[Black "Mann, Christian"]
[Result "1-0"]
[WhiteElo "2610"]
[BlackElo "2455"]
[PlyCount "81"]
[EventDate "1993.10.??"]
[Source "ChessBase"]
[SourceDate "1999.07.01"]

1. e4 e6 2. d4 d5 3. Nd2 Nf6 4. e5 Nfd7 5. Bd3 c5 6. c3 Nc6 7. Ne2 f6 8. Nf4 Qe7 9. exf6 Qxf6 10. Nf3 Bd6 11. Nh5 Qe7 12. O-O O-O 13. Re1 g6 14. Bg5 Qf7 15. Ng3 e5 16. Bh6 e4 17. Bxf8 Nxf8 18. Ng5 Qf4 19. N5xe4 dxe4 20. Rxe4 Qf6 21. dxc5 Bxc5 22. Bc4+ Kh8 23. Qd5 Bxf2+ 24. Kh1 Be6 25. Rxe6 Qxe6 26. Qxe6 Nxe6 27. Bxe6 Bxg3 28. hxg3 Rd8 29. Re1 Rd2 30. b4 Rd3 31. b5 Na5 32. c4 Rxg3 33. Bd5 Kg7 34. Re8 Ra3 35. Ra8 a6 36. bxa6 bxa6 37. Ra7+ Kf8 38. c5 Rc3 39. c6 Rc5 40. c7 Ke8 41. Be6 1-0

[Event "Tallinn"]
[Site "Tallinn EST"]
[Date "1989.??.??"]
[Round "9"]
[White "Timoshenko, Georgy"]
[Black "Borges Mateos, Juan"]
[Result "1/2-1/2"]
[WhiteElo "2530"]
[BlackElo "2535"]
[PlyCount "87"]
[EventDate "1989.04.??"]
[Source "www.chesslib.no"]
[SourceDate "2004.05.04"]

1. e4 e6 2. d4 d5 3. Nd2 Nf6 4. e5 Nfd7 5. Bd3 c5 6. c3 Nc6 7. Ne2 f6 8. Nf4 Qe7 9. Nf3 fxe5 10. dxe5 Ndxe5 11. Nxe5 Nxe5 12. Qh5+ Nf7 13. O-O g6 14. Bb5+ Kd8 15. Qd1 Qd6 16. Re1 Bg7 17. Qe2 a6 18. Ba4 Be5 19. g3 b5 20. Bc2 Re8 21. Be3 Bxf4 22. Bxf4 e5 23. b4 cxb4 24. cxb4 Re7 25. Be3 d4 26. Bb3 Qf6 27. Bd2 Bb7 28. Bxf7 Rxf7 29. Rac1 Rc8 30. h4 Qf5 31. g4 Qe6 32. Bg5+ Kd7 33. Rxc8 Kxc8 34. Qxe5 Qxg4+ 35. Qg3 Qxg3+ 36. fxg3 d3 37. Rc1+ Kb8 38. Rd1 Rf3 39. Bf4+ Kc8 40. Rf1 Kd7 41. Rxf3 Bxf3 42. Kf2 Be2 43. Ke3 Ke6 44. Ke4 1/2-1/2

[Event "Monarch Assurance 10th"]
[Site "Port Erin"]
[Date "2001.09.30"]
[Round "2"]
[White "Gormally, Daniel"]
[Black "Ulibin, Mikhail"]
[Result "1-0"]
[WhiteElo "2481"]
[BlackElo "2583"]
[PlyCount "71"]
[EventDate "2001.09.29"]
[Source "ChessBase"]
[SourceDate "2001.10.26"]

1. e4 e6 2. d4 d5 3. Nd2 Nf6 4. e5 Nfd7 5. Bd3 c5 6. c3 Nc6 7. Ngf3 Be7 8. O-O a5 9. Re1 cxd4 10. cxd4 Qb6 11. Nb1 Nxd4 12. Nxd4 Qxd4 13. Nc3 Qb6 14. Qg4 g6 15. Bg5 Bxg5 16. Qxg5 O-O 17. Qh6 Qxb2 18. Rac1 Qa3 19. h4 Qe7 20. Nb5 Nc5 21. Rxc5 Qxc5 22. Nd6 Bd7 23. h5 Ba4 24. Qg5 Qc3 25. Re3 f6 26. Qh6 Qc1+ 27. Kh2 Qc7 28. hxg6 Qg7 29. Qh4 f5 30. Nf7 hxg6 31. Nh6+ Kh8 32. Qxa4 f4 33. Rh3 Qc7 34. Qd1 Kg7 35. Qg4 Rf5 36. Bxf5 1-0

[Event "8. Open"]
[Site "?"]
[Date "1997.01.18"]
[Round "8"]
[White "Anagnostopoulos Dimitri"]
[Black "Ulibin Mikhail"]
[Result "1/2-1/2"]
[WhiteElo "2495"]
[BlackElo "2555"]
[PlyCount "46"]
[EventDate "1997.??.??"]
[Source "www.chesslib.no"]
[SourceDate "2004.05.04"]

1. e4 e6 2. d4 d5 3. Nd2 Nf6 4. e5 Nfd7 5. Bd3 c5 6. c3 Nc6 7. Ngf3 Qb6 8. O-O g6 9. Re1 Bg7 10. dxc5 Qc7 11. Nb3 O-O 12. Bf4 Ncxe5 13. Nxe5 Bxe5 14. Bxe5 Nxe5 15. Bf1 Bd7 16. Qd4 Nc6 17. Qh4 Qd8 18. Qh6 Qf6 19. Rad1 Rac8 20. Nd4 Ne7 21. Qe3 Rc7 22. Qg3 Rfc8 23. b4 Nf5 1/2-1/2

[Event "Testa GM"]
[Site "Griesheim"]
[Date "2004.01.22"]
[Round "3"]
[White "Galdunts, Sergey"]
[Black "Bunzmann, Dimitrij"]
[Result "0-1"]
[WhiteElo "2506"]
[BlackElo "2542"]
[PlyCount "98"]
[EventDate "2004.01.20"]
[Source "Roberto Alvarez"]
[SourceDate "2004.02.09"]

1. e4 e6 2. d4 d5 3. Nd2 Nf6 4. e5 Nfd7 5. Bd3 c5 6. c3 Nc6 7. Ne2 a5 8. Nf3 a4 9. O-O a3 10. b3 cxd4 11. Nexd4 Ndxe5 12. Nxe5 Nxe5 13. Bb5+ Bd7 14. Re1 Ng6 15. Bd3 Bc5 16. Qh5 O-O 17. Re3 Bxd4 18. cxd4 Qf6 19. Re5 Qe7 20. Re3 Qf6 21. Re5 h6 22. Bxg6 fxg6 23. Qe2 g5 24. Bd2 Qg6 25. Bb4 Rfc8 26. Bc5 Rc6 27. Rd1 b6 28. Bb4 Rc2 29. Rd2 Rc1+ 30. Rd1 Qb1 31. Rxc1 Qxc1+ 32. Qe1 Qb2 33. Bc3 Qxa2 34. Qd1 Rc8 35. Re2 Qxe2 36. Qxe2 Rxc3 37. h4 Rxb3 38. Qa6 g4 39. Kh2 Kh7 40. Qe2 Kg8 41. Qc2 Rb2 42. Qc7 Ba4 43. Qe7 Rxf2 44. Qxe6+ Kh7 45. Qxd5 Be8 46. Qa8 a2 47. d5 Bg6 48. d6 Rd2 49. d7 Bb1 0-1

[Event "NED-ch"]
[Site "Leeuwarden"]
[Date "2004.07.06"]
[Round "6"]
[White "Van den Doel, Erik"]
[Black "Visser, Yge"]
[Result "1-0"]
[WhiteElo "2599"]
[BlackElo "2445"]
[PlyCount "63"]
[EventDate "2004.06.30"]
[SourceDate "2004.07.13"]

1. e4 e6 2. d4 d5 3. Nd2 Nf6 4. e5 Nfd7 5. Bd3 c5 6. c3 Nc6 7. Ngf3 a5 8. O-O Be7 9. Re1 g5 10. dxc5 g4 11. Nd4 Ncxe5 12. Bb5 Bf6 13. f4 Nc6 14. Nxc6 bxc6 15. Bxc6 Rb8 16. Nb3 Kf8 17. Be3 Qc7 18. Ba4 Rg8 19. Qd2 Bh4 20. f5 Rxb3 21. axb3 Nxc5 22. g3 Bf6 23. fxe6 fxe6 24. Rf1 Ne4 25. Qd3 Ke7 26. Qb5 Be5 27. Bb6 Qb8 28. Bxa5 Bxg3 29. Bb4+ Kd8 30. Qxb8 Bxb8 31. Rf7 Ng5 32. Ba5+ 1-0

[Event "Mind Sports Games - Blitz Team"]
[Site "Pechino CINA"]
[Date "2008.10.13"]
[Round "9"]
[White "Wang Hao"]
[Black "Garma, C."]
[Result "1-0"]
[WhiteElo "2696"]
[BlackElo "2347"]
[PlyCount "39"]
[EventDate "2008.10.13"]
[Source "www.chesslib.no"]
[SourceDate "2004.05.04"]

1. e4 e6 2. d4 d5 3. Nd2 Nf6 4. e5 Nfd7 5. Bd3 c5 6. c3 Nc6 7. Ne2 Qb6 8. Nf3 Be7 9. O-O cxd4 10. cxd4 O-O 11. a3 f6 12. exf6 Bxf6 13. Be3 Qxb2 14. Nf4 Re8 15. Bxh7+ Kxh7 16. Qd3+ Kg8 17. Rfb1 Nb6 18. Qg6 Bd7 19. Nh5 Rf8 20. Ng5 1-0

[Event "4th ch-Asia"]
[Site "Doha"]
[Date "2003.02.26"]
[Round "5"]
[White "Ghaem Maghami, Ehsan"]
[Black "Barua, Dibyendu"]
[Result "1-0"]
[WhiteElo "2500"]
[BlackElo "2541"]
[PlyCount "131"]
[EventDate "2003.02.22"]
[Source "Roberto Alvarez"]
[SourceDate "2003.03.03"]

1. e4 e6 2. d4 d5 3. Nd2 Nf6 4. e5 Nfd7 5. Bd3 c5 6. c3 Nc6 7. Ndf3 Qa5 8. Bd2 Qb6 9. Qc2 cxd4 10. cxd4 Nxd4 11. Nxd4 Qxd4 12. Nf3 Qc5 13. Qa4 a6 14. O-O b5 15. Qg4 h6 16. Rac1 Qa7 17. Be3 Qb8 18. Bg6 Be7 19. Qxe6 Nxe5 20. Rxc8+ Qxc8 21. Qxe5 O-O 22. Qxd5 Qd8 23. Qb3 Qd6 24. Be4 Rad8 25. Bb1 Rc8 26. a4 Qb4 27. Qxb4 Bxb4 28. axb5 axb5 29. Nd4 Bc5 30. Nxb5 Bxe3 31. fxe3 Rb8 32. Bd3 Rfe8 33. Bc4 Rxe3 34. Rxf7 Kh8 35. b3 Rd8 36. Nc7 Rd2 37. Rf1 g5 38. Nd5 Re5 39. Nf6 Ra5 40. Ne4 Rd4 41. Nc3 Rd2 42. Ne2 Rb2 43. g4 Raa2 44. Kf2 Rd2 45. Ke3 Rd8 46. Rf6 Kg7 47. Rf7+ Kg6 48. Re7 Kf6 49. Re6+ Kg7 50. Bd3 Rb2 51. Rg6+ Kf7 52. Rb6 Re8+ 53. Kf3 Rd8 54. Bc4+ Kg7 55. Ng3 Rxh2 56. Nh5+ Kf8 57. Rxh6 Rd4 58. Rh7 Rh3+ 59. Ke2 Re4+ 60. Kd2 Rd4+ 61. Kc2 Rf3 62. Ng7 Rxg4 63. Ne6+ Kg8 64. Nxg5+ Rxc4+ 65. bxc4 Rf5 66. Rh5 1-0

[Event "1st GM"]
[Site "Kish"]
[Date "2003.12.16"]
[Round "6"]
[White "Ghaem Maghami, Ehsan"]
[Black "Kupreichik, Viktor D"]
[Result "1-0"]
[WhiteElo "2540"]
[BlackElo "2496"]
[PlyCount "51"]
[EventDate "2003.12.13"]
[Source "Roberto Alvarez"]
[SourceDate "2003.12.31"]

1. e4 e6 2. d4 d5 3. Nd2 Nf6 4. e5 Nfd7 5. Bd3 c5 6. c3 Nc6 7. Ndf3 f6 8. exf6 Qxf6 9. Ne2 Bd6 10. O-O O-O 11. Bc2 Kh8 12. Qd3 g6 13. Bg5 Qf7 14. Rad1 Nb6 15. dxc5 Bxc5 16. Bb3 Nd7 17. c4 dxc4 18. Qxc4 Bb6 19. Bh6 Re8 20. Ng5 Qf6 21. Ne4 Qxb2 22. Bd2 Ba5 23. Nd6 Rf8 24. Bh6 Nde5 25. Qe4 Bd7 26. Bc1 1-0

[Event "Corr"]
[Site "?"]
[Date "1999.??.??"]
[Round "12"]
[White "Copie Jose Antonio"]
[Black "Crespo Ramon Jose"]
[Result "1-0"]
[WhiteElo "2553"]
[BlackElo "2482"]
[PlyCount "87"]
[EventDate "1999.??.??"]
[Source "www.chesslib.no"]
[SourceDate "2004.05.04"]

1. e4 e6 2. d4 d5 3. Nd2 Nf6 4. e5 Nfd7 5. Bd3 c5 6. c3 Nc6 7. Ngf3 Qb6 8. O-O g6 9. dxc5 Qc7 10. Nb3 Ndxe5 11. Bf4 Bg7 12. Nxe5 Nxe5 13. Re1 O-O 14. c4 f6 15. cxd5 exd5 16. Be2 Qf7 17. Bf3 Bd7 18. Bxd5 Be6 19. Bxe6 Qxe6 20. Qc2 Qc4 21. Qxc4+ Nxc4 22. Re7 Rf7 23. Rxf7 Kxf7 24. Rd1 Re8 25. Rd7+ Re7 26. Rxe7+ Kxe7 27. Nd4 Nxb2 28. c6 bxc6 29. Nxc6+ Kd7 30. Nxa7 f5 31. Be3 Nd1 32. Nb5 Nxe3 33. fxe3 Kc6 34. Nd4+ Kd5 35. Kf2 f4 36. Ne2 fxe3+ 37. Kxe3 Kc4 38. Nf4 Kb4 39. Ke4 Ka3 40. Ne6 Bh6 41. Ke5 Kxa2 42. Kf6 Be3 43. Kg7 g5 44. g4 1-0

[Event "Mitropa cup 2003"]
[Site "Pula"]
[Date "2003.05.17"]
[Round "1.9"]
[White "Pavasovic, Dusko"]
[Black "Zueger, Beat"]
[Result "0-1"]
[WhiteElo "2584"]
[BlackElo "2448"]
[PlyCount "50"]
[EventDate "2003.05.17"]
[Source "Roberto Alvarez"]
[SourceDate "2003.05.19"]

1. e4 e6 2. d4 d5 3. Nd2 Nf6 4. e5 Nfd7 5. Bd3 c5 6. c3 Nc6 7. Ngf3 Qb6 8. O-O g6 9. dxc5 Nxc5 10. Nb3 Nxd3 11. Qxd3 Bg7 12. Bf4 Bd7 13. Rfe1 Rc8 14. Qd2 h6 15. h4 Na5 16. Nxa5 Qxa5 17. Nd4 Rc4 18. h5 g5 19. Bg3 Bf8 20. f4 Rxd4 21. Qc2 Re4 22. Rxe4 dxe4 23. b4 Qb6+ 24. Kh1 Bc6 25. a4 Qe3 0-1

[Event "Marganets"]
[Site "?"]
[Date "1999.??.??"]
[Round "2"]
[White "Lastin Alexander"]
[Black "Borovikov Vladislav"]
[Result "1-0"]
[WhiteElo "2558"]
[BlackElo "2470"]
[PlyCount "51"]
[EventDate "1999.??.??"]
[Source "www.chesslib.no"]
[SourceDate "2004.05.04"]

1. e4 e6 2. d4 d5 3. Nd2 Nf6 4. e5 Nfd7 5. Bd3 c5 6. c3 Nc6 7. Ne2 f6 8. Nf4 Qe7 9. Nf3 cxd4 10. cxd4 fxe5 11. dxe5 Ndxe5 12. Nxe5 Nxe5 13. Qh5+ Nf7 14. O-O g6 15. Qe2 Bg7 16. Bb5+ Kf8 17. Bd2 a6 18. Nxd5 Qd8 19. Bb4+ Nd6 20. Rad1 Kf7 21. Nc7 Qxc7 22. Bxd6 Qd8 23. Ba4 Qh4 24. Qc2 Bf6 25. Qc7+ Be7 26. Rd4 1-0

[Event "Testa GM"]
[Site "Griesheim"]
[Date "2004.01.24"]
[Round "5"]
[White "Ginsburg, Gennadij"]
[Black "Bunzmann, Dimitrij"]
[Result "0-1"]
[WhiteElo "2486"]
[BlackElo "2542"]
[PlyCount "116"]
[EventDate "2004.01.20"]
[Source "Roberto Alvarez"]
[SourceDate "2004.02.09"]

1. e4 e6 2. d4 d5 3. Nd2 Nf6 4. e5 Nfd7 5. Bd3 c5 6. c3 Nc6 7. Ne2 a5 8. O-O a4 9. Nf3 a3 10. bxa3 c4 11. Bc2 Bxa3 12. Ng5 h6 13. Nh3 Qa5 14. f4 f5 15. exf6 Nxf6 16. Bg6+ Kd8 17. Bc2 Ne7 18. Qd2 Bd7 19. Ng3 Nf5 20. Bxa3 Qxa3 21. Nf2 Ra6 22. Rfb1 Kc8 23. Nd1 Qd6 24. Rb4 Nxg3 25. hxg3 g5 26. fxg5 hxg5 27. Qxg5 Nh5 28. g4 Ng3 29. Qe5 Qxe5 30. dxe5 Rf8 31. Bg6 Ne2+ 32. Kh2 Rh8+ 33. Bh5 Be8 34. g3 Bxh5 35. gxh5 Rxh5+ 36. Kg2 Ra3 37. Rab1 Rxa2 38. Kf3 Rf5+ 39. Kg4 Rf7 40. R1b2 Rg7+ 41. Kf3 Rxb2 42. Rxb2 Nxg3 43. Nf2 Nf5 44. Rb6 Rf7 45. Ke2 Ng7 46. Ng4 Rf4 47. Nf6 Rf5 48. Ng4 Kc7 49. Rb1 Nh5 50. Ke3 Kc6 51. Ra1 Ng3 52. Ra8 Ne4 53. Rc8+ Kb5 54. Re8 Nc5 55. Rc8 Rh5 56. Nf6 Rxe5+ 57. Kd4 Nd3 58. Rb8 b6 0-1

[Event "XXIV Open"]
[Site "Cappelle La Grande FRA"]
[Date "2008.02.22"]
[Round "8"]
[White "Babaev, Ra"]
[Black "Gharamian, T."]
[Result "0-1"]
[WhiteElo "2468"]
[BlackElo "2558"]
[PlyCount "86"]
[EventDate "2008.02.16"]
[Source "www.chesslib.no"]
[SourceDate "2004.05.04"]

1. e4 e6 2. d4 d5 3. Nd2 Nf6 4. e5 Nfd7 5. Bd3 c5 6. c3 Nc6 7. Ngf3 g6 8. O-O Bg7 9. Re1 O-O 10. Nf1 cxd4 11. cxd4 Qb6 12. Bc2 f6 13. exf6 Nxf6 14. Bb3 Bd7 15. h3 Ne4 16. Be3 a5 17. Rb1 Nb4 18. Ne5 Be8 19. a4 Nc6 20. f3 Nd6 21. g4 Nf7 22. Nxc6 Bxc6 23. Bc2 Qc7 24. Kg2 e5 25. Nh2 Rae8 26. Qd2 Nd8 27. Bb3 Ne6 28. dxe5 Bxe5 29. Bg1 Bg3 30. Rxe6 Rxe6 31. Bxd5 Bxd5 32. Qxd5 Qd6 33. Qc4 Bxh2 34. Bxh2 Qd2+ 35. Kg3 Qe2 36. Qd5 Rxf3+ 37. Qxf3 Re3 38. Rf1 Rxf3+ 39. Rxf3 Qxb2 40. h4 b5 41. axb5 a4 42. b6 a3 43. b7 a2 0-1

[Event "CRO-chT"]
[Site "Pula"]
[Date "2001.09.10"]
[Round "1"]
[White "Morovic Fernandez, Ivan"]
[Black "Brumen, Dinko"]
[Result "1-0"]
[WhiteElo "2565"]
[BlackElo "2454"]
[PlyCount "83"]
[EventDate "2001.09.10"]
[Source "ChessBase"]
[SourceDate "2001.10.26"]

1. e4 e6 2. d4 d5 3. Nd2 Nf6 4. e5 Nfd7 5. Bd3 c5 6. c3 Nc6 7. Ne2 a5 8. O-O a4 9. a3 Nb6 10. Nf3 Bd7 11. Re1 Na5 12. Bc2 Nac4 13. Rb1 Be7 14. dxc5 Bxc5 15. Ned4 h6 16. h4 Nc8 17. h5 Ne7 18. Nd2 Nxd2 19. Bxd2 Qb6 20. Be3 Qc7 21. Qg4 Kf8 22. Nf3 Nf5 23. Bxc5+ Qxc5 24. Bxf5 exf5 25. Qf4 Be6 26. Rbd1 Rg8 27. Rd4 Qc6 28. Rb4 g5 29. hxg6 Rxg6 30. Nd4 Qd7 31. Re3 Kg7 32. Rg3 Rxg3 33. Qxg3+ Kh7 34. Qd3 Rg8 35. Rb6 Rg4 36. f3 Rg6 37. Qb5 Qe7 38. Qe2 Qc7 39. Rd6 f4 40. Qd3 Kg7 41. Qd2 Qc4 42. Qxf4 1-0

[Event "Campionato USA"]
[Site "Stillwater USA"]
[Date "2007.05.16"]
[Round "2"]
[White "Kaidanov, G."]
[Black "Bradford, J."]
[Result "1-0"]
[WhiteElo "2595"]
[BlackElo "2424"]
[PlyCount "81"]
[EventDate "2007.05.15"]
[Source "www.chesslib.no"]
[SourceDate "2004.05.04"]

1. e4 e6 2. d4 d5 3. Nd2 Nf6 4. e5 Nfd7 5. Bd3 c5 6. c3 Nc6 7. Ngf3 Be7 8. O-O Qb6 9. dxc5 Nxc5 10. Bc2 Qc7 11. Re1 Nd7 12. Qe2 O-O 13. Nb3 f6 14. exf6 Nxf6 15. Nbd4 Nxd4 16. Nxd4 e5 17. Bf4 exf4 18. Qxe7 Qxe7 19. Rxe7 Rf7 20. Re5 Bd7 21. Bb3 Bc6 22. Rae1 a5 23. a3 h6 24. f3 a4 25. Ba2 Ra6 26. R1e2 Rb6 27. Rf5 Rf8 28. Rfe5 Rd8 29. Kf2 Rd7 30. Bb1 Rd8 31. Re7 Bb5 32. Nxb5 Rxb5 33. Bg6 Kh8 34. Ke1 Rb6 35. h4 h5 36. R7e6 Rb5 37. Bd3 Rc5 38. Re7 b5 39. Rb7 d4 40. Rxb5 Rcc8 41. c4 1-0

[Event "Velammal 45th National A ch-IND"]
[Site "Chennai IND"]
[Date "2008.02.10"]
[Round "8"]
[White "Gopal, G."]
[Black "Barua, D."]
[Result "1-0"]
[WhiteElo "2528"]
[BlackElo "2491"]
[PlyCount "73"]
[EventDate "2008.02.03"]
[Source "www.chesslib.no"]
[SourceDate "2004.05.04"]

1. e4 e6 2. d4 d5 3. Nd2 Nf6 4. e5 Nfd7 5. Bd3 c5 6. c3 Nc6 7. Ngf3 Be7 8. O-O a5 9. Re1 c4 10. Bc2 b5 11. Nf1 Nb6 12. Ng3 h5 13. h4 Bxh4 14. Nxh4 Qxh4 15. Be3 g6 16. Qd2 Qe7 17. Bg5 Qf8 18. Qf4 Ne7 19. b3 a4 20. bxc4 Nxc4 21. Bd3 Na3 22. Qf6 h4 23. Bxh4 Bd7 24. Bg5 Rc8 25. Rac1 Bc6 26. f3 Kd7 27. Kf2 Bb7 28. Rh1 Rxh1 29. Rxh1 Ng8 30. Qf4 Rxc3 31. Bxg6 Ke8 32. Qg4 Bc8 33. Bd2 Rc7 34. Rh8 Qg7 35. Bxf7+ Kxf7 36. Qh5+ Kf8 37. Bb4+ 1-0

[Event "21. Open A"]
[Site "?"]
[Date "2000.04.02"]
[Round "9"]
[White "Pavasovic Dusko"]
[Black "Borovikov Vladislav"]
[Result "1-0"]
[WhiteElo "2544"]
[BlackElo "2472"]
[PlyCount "97"]
[EventDate "2000.??.??"]
[Source "www.chesslib.no"]
[SourceDate "2004.05.04"]

1. e4 e6 2. d4 d5 3. Nd2 Nf6 4. e5 Nfd7 5. Bd3 c5 6. c3 Nc6 7. Ngf3 Be7 8. O-O Qb6 9. dxc5 Qc7 10. Nb3 Ndxe5 11. Nxe5 Qxe5 12. f4 Qf6 13. Be3 O-O 14. Qe2 Bd7 15. Kh1 g6 16. Nd4 Qg7 17. Nf3 Rae8 18. Qd2 Bf6 19. f5 gxf5 20. Bh6 Qg4 21. Be2 Qg6 22. Bxf8 Rxf8 23. Bb5 Qg7 24. Rad1 Kh8 25. Bxc6 Bxc6 26. Nd4 Rg8 27. Rf3 f4 28. Qe2 e5 29. Nxc6 bxc6 30. c4 d4 31. Ra3 Qg6 32. Re1 Rd8 33. Rd3 Bg7 34. g3 f5 35. gxf4 e4 36. Rg3 Qf7 37. Qg2 d3 38. b4 Bc3 39. b5 Qxc4 40. Rg1 Bd4 41. bxc6 Bxg1 42. c7 Rf8 43. Qxg1 Qc3 44. Qb1 Qf6 45. Qb8 d2 46. Rg1 Qg7 47. Qd8 d1=R 48. Rxd1 Rg8 49. Qxg8+ 1-0

[Event "JUG-ch Podgorica"]
[Site "Podgorica"]
[Date "1996.??.??"]
[Round "11"]
[White "Velimirovic, Dragoljub"]
[Black "Drasko, Milan"]
[Result "1-0"]
[WhiteElo "2510"]
[BlackElo "2505"]
[PlyCount "71"]
[EventDate "1996.02.??"]
[Source "ChessBase"]

1. e4 e6 2. d4 d5 3. Nd2 Nf6 4. e5 Nfd7 5. Bd3 c5 6. c3 Nc6 7. Ngf3 g6 8. h4 Qb6 9. Qa4 Be7 10. O-O O-O 11. Re1 f6 12. exf6 Rxf6 13. Nf1 cxd4 14. cxd4 Rxf3 15. gxf3 Qxd4 16. Qxd4 Nxd4 17. Nh2 Bxh4 18. Be3 Nc5 19. Bxd4 Nxd3 20. Red1 Nb4 21. Ng4 Nc6 22. Rac1 Bd7 23. Bf6 h5 24. Bxh4 hxg4 25. fxg4 Ne5 26. Kg2 Nxg4 27. Rc7 Bc6 28. Re1 Re8 29. Bg5 Rf8 30. Rxe6 d4+ 31. Kg3 Nxf2 32. Rxg6+ Kh8 33. Bf4 Nd3 34. Bh6 Rf3+ 35. Kh4 Be8 36. Rgg7 1-0

[Event "Aviles ESP"]
[Site "Aviles ESP"]
[Date "1992.??.??"]
[Round "?"]
[White "Oll, Lembit"]
[Black "Matamoros Franco, Carlos S"]
[Result "1-0"]
[WhiteElo "2600"]
[BlackElo "2415"]
[PlyCount "45"]
[EventDate "1992.??.??"]
[Source "www.chesslib.no"]
[SourceDate "2004.05.04"]

1. e4 e6 2. d4 d5 3. Nd2 Nf6 4. e5 Nfd7 5. Bd3 c5 6. c3 Nc6 7. Ndf3 cxd4 8. cxd4 f6 9. exf6 Nxf6 10. Nh3 Bd6 11. O-O Qc7 12. Bd2 O-O 13. Rc1 h6 14. Kh1 Ng4 15. Bb1 Qf7 16. Qc2 g5 17. Bc3 Bd7 18. Rce1 Bc7 19. Qe2 Qg7 20. Nfxg5 Nxf2+ 21. Rxf2 Rxf2 22. Qxf2 hxg5 23. Rf1 1-0